[Event "16th ch-EUR Indiv w 2015"]
[Site "Chakvi GEO"]
[Date "2015.05.21"]
[Round "3.24"]
[White "Belenkaya, Dina"]
[Black "Guseva, Marina"]
[Result "0-1"]
[WhiteTitle "WFM"]
[BlackTitle "IM"]
[WhiteElo "2235"]
[BlackElo "2391"]
[WhiteFideId "24142654"]
[BlackFideId "4149351"]
[EventDate "2015.05.19"]

1. e4 c6 2. d4 d5 3. Nc3 dxe4 4. Nxe4 Bf5 5. Ng3 Bg6 6. h4 h6 7. Nf3 Nd7 8. h5
Bh7 9. Bd3 Bxd3 10. Qxd3 e6 11. Bd2 Ngf6 12. O-O-O Be7 13. Kb1 Qb6 14. Ne4 Rd8
15. g4 Nxg4 16. Rhg1 f5 17. Rde1 O-O 18. Qc4 Rf7 19. Qxe6 Nf8 20. Qc4 Ba3 21.
Qb3 Qxb3 22. axb3 Be7 23. Ng3 Bd6 24. Re2 Kh7 25. Bc3 Bxg3 26. Rxg3 Rd5 27. Bb4
Rd8 28. c4 Nd7 29. Ne5 Re8 30. f4 Ndf6 31. Rh3 Rd7 32. Bc3 Rdd8 33. Kc2 Re6 34.
b4 a6 35. Rh1 Rde8 36. Rh3 Rd6 37. Rh1 Nd7 38. Rh3 Nf8 39. Kb1 Nf6 40. Re1 Ne6
41. Nf7 Rd7 42. Ne5 Rdd8 43. Nf7 Rd7 44. Ne5 Rc7 45. Ng6 Ne4 46. Rhe3 Rd8 47.
Rd1 Rcd7 48. Ne5 Re7 49. Ng6 Ree8 50. Kc1 Nf6 51. Rde1 Nc7 52. Ne7 Nxh5 53. Nxf5
Rxe3 54. Rxe3 Rd7 55. Re4 Kg6 56. Nh4+ Kf7 57. Re5 g6 58. Ng2 Ng3 59. Nh4 Ne6
60. Nxg6 Nxd4 61. Nh8+ Kg7 62. Re8 h5 63. Kd2 h4 64. Ke3 Nf5+ 65. Kf2 Kh6 66.
Rf8 Re7 67. Rf6+ Kh5 68. Bxd4 Nxd4 69. Nf7 Re2+ 70. Kf1 Kg4 71. f5 Rxb2 72. Ne5+
Kg5 73. Rf7 h3 74. Rh7 h2 75. Nd3 Rd2 76. Nf2 Nxf5 77. Rxh2 Rd4 78. Rh7 b5 79.
cxb5 axb5 80. Rc7 Rc4 81. Nd3 Kf6 82. Ke2 Nd4+ 83. Kd2 Nb3+ 84. Ke3 Ke6 85. Rh7
Kd6 86. Rh6+ Kc7 87. Rg6 Nd4 88. Kd2 Nf3+ 89. Ke3 Rc3 90. Rg7+ Kd6 91. Ke4 Nd2+
92. Ke3 Nb3 93. Ke2 Nc1+ 94. Nxc1 Rxc1 95. Rg4 Rc4 96. Rxc4 bxc4 97. Kd2 Ke5 98.
Kc3 Kd5 99. Kc2 Kd4 100. Kd2 c3+ 101. Kc2 Kc4 102. Kc1 Kxb4 103. Kc2 Kc4 104.
Kc1 Kb3 105. Kb1 c2+ 106. Kc1 c5 0-1

[Event "16th ch-EUR Indiv w 2015"]
[Site "Chakvi GEO"]
[Date "2015.05.21"]
[Round "3.25"]
[White "Petrenko, Svetlana"]
[Black "Charochkina, Daria"]
[Result "0-1"]
[WhiteTitle "IM"]
[BlackTitle "WGM"]
[WhiteElo "2207"]
[BlackElo "2391"]
[WhiteFideId "13900196"]
[BlackFideId "4180917"]
[EventDate "2015.05.19"]

1. Nf3 Nf6 2. g3 g6 3. Bg2 Bg7 4. d4 d5 5. O-O O-O 6. Ne5 Nbd7 7. f4 Ne4 8. Nd2
Ndf6 9. Nxe4 Nxe4 10. e3 f6 11. Nd3 b6 12. c4 Bb7 13. cxd5 Bxd5 14. Nb4 Bb7 15.
Qc2 f5 16. Qc4+ Kh8 17. d5 a5 18. Bxe4 fxe4 19. Nc6 Qd6 20. Qxe4 e6 21. Qg2 exd5
22. Nd4 c5 23. Nf3 d4 24. Qh3 Rae8 25. Ng5 h6 26. e4 Bxe4 27. Nxe4 Rxe4 28. Bd2
Re2 29. Rf2 Rxf2 30. Kxf2 c4 31. Re1 c3 32. bxc3 dxc3 33. Be3 Kh7 34. Qf1 Re8
35. Qc4 b5 36. Qxb5 Rxe3 37. Rxe3 c2 0-1

[Event "16th ch-EUR Indiv w 2015"]
[Site "Chakvi GEO"]
[Date "2015.05.21"]
[Round "3.26"]
[White "Schleining, Zoya"]
[Black "Mikadze, Miranda"]
[Result "1/2-1/2"]
[WhiteTitle "WGM"]
[BlackTitle "WIM"]
[WhiteElo "2375"]
[BlackElo "2233"]
[WhiteFideId "4671660"]
[BlackFideId "13603108"]
[EventDate "2015.05.19"]

1. c4 c6 2. Nc3 d5 3. e3 Nf6 4. d4 Bf5 5. cxd5 cxd5 6. Qb3 Nc6 7. Qxb7 Bd7 8.
Qb3 Rb8 9. Qd1 e5 10. Nf3 Bd6 11. Be2 O-O 12. dxe5 Nxe5 13. O-O Nxf3+ 14. Bxf3
Qc7 15. g3 Rfd8 16. Bg2 Bc6 17. Ne2 Bb5 18. Re1 Ne4 19. Nd4 Ba6 20. Qa4 Rb6 21.
Bxe4 dxe4 22. Bd2 Rxb2 23. Qxa6 Rxd2 24. Rec1 Qb6 25. Qxb6 axb6 26. Rab1 Bc5 27.
Nb3 Rxa2 28. Nxc5 bxc5 29. Rxc5 g6 30. g4 Rdd2 31. Rf1 Kg7 32. Rc4 f5 33. gxf5
gxf5 34. Rc6 f4 35. Rb1 Rd7 36. exf4 Rf7 37. Rb4 Ra1+ 38. Kg2 Re1 39. Re6 Rxf4
40. Rb7+ Rf7 41. Ree7 1/2-1/2

[Event "16th ch-EUR Indiv w 2015"]
[Site "Chakvi GEO"]
[Date "2015.05.21"]
[Round "3.27"]
[White "Lomineishvili, Maia"]
[Black "Baraeva, Marina"]
[Result "1-0"]
[WhiteTitle "IM"]
[BlackTitle "WIM"]
[WhiteElo "2364"]
[BlackElo "2204"]
[WhiteFideId "13600656"]
[BlackFideId "24142573"]
[EventDate "2015.05.19"]

1. d4 d5 2. c4 c6 3. Nc3 Nf6 4. e3 a6 5. Qc2 g6 6. Bd3 Bg7 7. Nf3 O-O 8. O-O Bg4
9. Ne5 Be6 10. c5 Nfd7 11. Nxd7 Nxd7 12. b4 b5 13. cxb6 Qxb6 14. Bd2 Rfc8 15.
Na4 Qa7 16. Rab1 Rc7 17. Rfc1 h5 18. Be1 Nb6 19. Nc5 Bc8 20. f4 e6 21. Bh4 Nd7
22. Bxg6 fxg6 23. Nxe6 Nf8 24. Nxc7 Qxc7 25. Qxc6 Qxc6 26. Rxc6 Bf5 27. Rb3 Ne6
28. Ra3 Bf8 29. Be1 Re8 30. Bd2 g5 31. fxg5 Nxg5 32. Raxa6 Re7 33. Rf6 Bd3 34.
Ra8 Rf7 35. Rxf7 Kxf7 36. a4 Bh6 37. b5 Ne4 38. Bc1 Nc3 39. b6 Ne2+ 40. Kf2 Nxd4
41. exd4 Bxc1 42. b7 Bf4 43. b8=Q Bxb8 44. Rxb8 1-0

[Event "16th ch-EUR Indiv w 2015"]
[Site "Chakvi GEO"]
[Date "2015.05.21"]
[Round "3.28"]
[White "Hairapetian, Anna"]
[Black "Osmanodja, Filiz"]
[Result "0-1"]
[WhiteTitle "WIM"]
[BlackTitle "WIM"]
[WhiteElo "2192"]
[BlackElo "2352"]
[WhiteFideId "13303554"]
[BlackFideId "24633569"]
[EventDate "2015.05.19"]

1. e4 e5 2. Nf3 Nc6 3. Bb5 a6 4. Ba4 Nf6 5. O-O b5 6. Bb3 Be7 7. Re1 d6 8. c3
O-O 9. h3 Nb8 10. d4 Nbd7 11. Nbd2 Bb7 12. Bc2 Re8 13. Nf1 Bf8 14. Ng3 g6 15. a4
Bg7 16. Bd3 c6 17. b4 Nb6 18. a5 Nbd7 19. Bb2 Qc7 20. Qc2 Rac8 21. dxe5 Nxe5 22.
Nxe5 dxe5 23. c4 Qe7 24. c5 Rc7 25. Rad1 h5 26. Nf1 Nh7 27. Qc3 Qh4 28. Nh2 Ng5
29. Bc2 Qf4 30. Rd6 Ne6 31. g3 Qg5 32. Nf3 Qe7 33. Bb3 Nf8 34. Red1 Kh8 35. Qd2
f6 36. g4 Bc8 37. Kg2 Kh7 38. g5 Ne6 39. Bxe6 Bxe6 40. gxf6 Bxf6 41. Kh2 g5 42.
Bc1 Qf8 43. Rf1 Rg7 44. Rxc6 g4 45. hxg4 hxg4 46. Ne1 Bg5 47. Qd1 Bxc1 48. Qxc1
g3+ 49. Kg2 gxf2+ 50. Kh2 Qf6 51. Ng2 Rxg2+ 0-1

[Event "16th ch-EUR Indiv w 2015"]
[Site "Chakvi GEO"]
[Date "2015.05.21"]
[Round "3.29"]
[White "Zimina, Olga"]
[Black "Imnadze, Nato"]
[Result "1-0"]
[WhiteTitle "IM"]
[BlackTitle "WIM"]
[WhiteElo "2339"]
[BlackElo "2196"]
[WhiteFideId "4132190"]
[BlackFideId "13600974"]
[EventDate "2015.05.19"]

1. Nf3 d5 2. c4 c6 3. g3 Bg4 4. Qb3 Qb6 5. Ne5 Be6 6. d3 f6 7. Nf3 Bf7 8. Bh3 e5
9. Nc3 Ne7 10. O-O Na6 11. Qxb6 axb6 12. Na4 Nc5 13. Nxc5 bxc5 14. b3 e4 15.
dxe4 dxe4 16. Nd2 f5 17. Rd1 g5 18. Bb2 Rg8 19. g4 O-O-O 20. e3 Kc7 21. Nf1 Be6
22. Be5+ Kc8 23. Rxd8+ Kxd8 24. Rd1+ Ke8 25. gxf5 Bxf5 26. Bxf5 Nxf5 27. Bc7 Be7
28. Nd2 Nd6 29. Bxd6 Bxd6 30. Nxe4 Be7 31. Nd6+ Kd7 32. Nf5+ Ke6 33. Nxe7 Kxe7
34. a4 h5 35. Kg2 Ke6 36. Rd2 Rg7 37. Kf3 Ke5 38. Rd8 Rf7+ 39. Ke2 h4 40. Rg8
Kf5 41. h3 Rd7 42. f4 gxf4 43. Rf8+ Ke6 44. Rxf4 Rh7 45. Kf3 Ke5 46. Re4+ Kf5
47. Rg4 Ke5 48. Rg5+ Kf6 49. Kf4 Rd7 50. Rxc5 Rd3 51. b4 Ra3 52. b5 Rxa4 53.
bxc6 bxc6 54. Rxc6+ Ke7 55. Ke4 Kd7 56. Rc5 Ra1 57. Rh5 Rc1 58. Kd3 Rd1+ 59. Ke2
Rc1 60. Rxh4 Ke6 61. Rd4 Ke5 62. h4 Rh1 63. Kd2 Rh2+ 64. Kd3 Rh1 65. Rd5+ Ke6
66. h5 Rd1+ 67. Ke4 Rc1 68. Kd4 Rd1+ 69. Kc5 Rh1 70. e4 Rh4 71. Kd4 Rh1 72. Rg5
Rd1+ 73. Kc5 Re1 74. h6 Rh1 75. Rd5 Rh4 76. Rd8 Rh5+ 77. Kc6 Kf7 78. h7 Rh6+ 79.
Kc7 1-0

[Event "16th ch-EUR Indiv w 2015"]
[Site "Chakvi GEO"]
[Date "2015.05.21"]
[Round "3.30"]
[White "Hojjatova, Aydan"]
[Black "Mammadzada, Gunay"]
[Result "1/2-1/2"]
[WhiteTitle "WFM"]
[BlackTitle "WGM"]
[WhiteElo "2168"]
[BlackElo "2336"]
[WhiteFideId "13401491"]
[BlackFideId "13403729"]
[EventDate "2015.05.19"]

1. e4 c5 2. Nf3 d6 3. d4 cxd4 4. Nxd4 Nf6 5. Nc3 a6 6. Qf3 g6 7. h3 Bg7 8. Be3
h5 9. O-O-O Nbd7 10. Bg5 O-O 11. Qe3 Qc7 12. Be2 b5 13. g4 e5 14. Nb3 b4 15. Nd5
Nxd5 16. Rxd5 Nb6 17. Rd2 a5 18. Kb1 h4 19. Be7 Qxe7 20. Qxb6 a4 21. Na5 Bh6 22.
Rdd1 Be6 23. Nc6 Qf6 24. f3 b3 25. cxb3 axb3 26. a3 Rfc8 27. Rhf1 Bd7 28. Nb4
Bf8 29. Nd5 Qg5 30. Rc1 Qd2 31. Qe3 Qxe3 32. Nxe3 Bh6 33. Rxc8+ Rxc8 34. Nd5 Rc2
35. Nc3 Be3 36. Bc4 Be6 37. Bxe6 fxe6 38. a4 Kf7 39. a5 Bd4 40. a6 Bxc3 41. bxc3
Ra2 42. f4 Kg7 43. fxe5 dxe5 44. g5 Rxa6 45. Rf6 Ra4 46. Rxe6 Rxe4 47. Kb2 Re3
48. Kxb3 Rxh3 49. Rxe5 Kf7 50. Re4 Rh1 51. Kc4 h3 52. Re3 h2 53. Re2 Kf8 54. Kc5
Rc1 55. Rxh2 Rxc3+ 56. Kd6 Rg3 57. Rh7 Rxg5 58. Ke6 Rf5 59. Ra7 Rf3 60. Rb7 Kg8
61. Ra7 1/2-1/2

[Event "16th ch-EUR Indiv w 2015"]
[Site "Chakvi GEO"]
[Date "2015.05.21"]
[Round "3.31"]
[White "Fataliyeva, Ulviyya"]
[Black "Topel, Zehra"]
[Result "1-0"]
[WhiteTitle "WIM"]
[BlackTitle "WIM"]
[WhiteElo "2331"]
[BlackElo "2179"]
[WhiteFideId "13403052"]
[BlackFideId "6302661"]
[EventDate "2015.05.19"]

1. e4 c5 2. Nf3 d6 3. d4 Nf6 4. Nc3 cxd4 5. Nxd4 Nc6 6. Bb5 Bd7 7. Bg5 Qa5 8.
Nb3 Qb6 9. a4 a6 10. a5 Qc7 11. Bxf6 gxf6 12. Nd5 Qd8 13. Ba4 Rc8 14. Nb6 Rc7
15. Nd4 e6 16. f4 Bh6 17. Ne2 Qe7 18. Ra3 Nb8 19. Nxd7 Nxd7 20. Rd3 Bf8 21. c3
Kd8 22. b4 Kc8 23. Qd2 h5 24. O-O h4 25. Rff3 Rh5 26. Rh3 f5 27. exf5 Rxf5 28.
Nd4 Rh5 29. Nf3 e5 30. Bxd7+ Rxd7 31. fxe5 dxe5 32. Rxd7 Qxd7 33. Qxd7+ Kxd7 34.
g4 Rh8 35. Nxe5+ Ke6 36. Re3 Bh6 37. Re2 Rc8 38. Nc4+ Kf6 39. Nd6 Rc6 40. Ne4+
Kg6 41. Kg2 f5 42. gxf5+ Kxf5 43. c4 Kf4 44. Nc5 h3+ 45. Kf2 Rg6 46. Nd3+ Kf5
47. Re5+ Kg4 48. Ke2 Kh4 49. Nf2 Rg2 50. Kf3 Bd2 51. Ne4 Be1 52. Re8 Kh5 53.
Nf6+ Kg5 54. Nh7+ Kh6 55. Rxe1 Kxh7 56. Re2 Rg1 57. Re7+ Kg6 58. Rxb7 Rg2 59. c5
Kf5 60. Rf7+ Ke5 61. Re7+ Kd5 62. Rd7+ Kc6 63. Rd6+ Kc7 64. Rxa6 Rxh2 65. b5 Ra2
66. Ra7+ Kb8 67. b6 Rc2 68. Rh7 h2 69. a6 Kc8 70. Rh8+ Kd7 71. a7 Ra2 72. b7 1-0

[Event "16th ch-EUR Indiv w 2015"]
[Site "Chakvi GEO"]
[Date "2015.05.21"]
[Round "3.32"]
[White "Gvetadze, Sofio"]
[Black "Mammadova, Aysel"]
[Result "1-0"]
[WhiteTitle "IM"]
[WhiteElo "2319"]
[BlackElo "1862"]
[WhiteFideId "13601440"]
[BlackFideId "13402161"]
[EventDate "2015.05.19"]

1. Nf3 d5 2. g3 g6 3. Bg2 Bg7 4. O-O Nf6 5. d3 O-O 6. Nbd2 c5 7. e4 dxe4 8. dxe4
Nc6 9. c3 Bg4 10. Qc2 Qc8 11. a4 Rd8 12. Re1 Nd7 13. h3 Bxf3 14. Nxf3 Nde5 15.
Nxe5 Nxe5 16. Bg5 Qe6 17. Rad1 c4 18. Be3 Qc6 19. Re2 Rxd1+ 20. Qxd1 Nd3 21. e5
Qc7 22. f4 g5 23. Rd2 gxf4 24. gxf4 Bh6 25. Qh5 Bg7 26. Be4 Nc5 27. Qxh7+ Kf8
28. Rg2 Ne6 29. Rxg7 1-0

[Event "16th ch-EUR Indiv w 2015"]
[Site "Chakvi GEO"]
[Date "2015.05.21"]
[Round "3.33"]
[White "Tevzadze, Mariam"]
[Black "Paehtz, Elisabeth"]
[Result "0-1"]
[BlackTitle "IM"]
[WhiteElo "1834"]
[BlackElo "2473"]
[WhiteFideId "13605470"]
[BlackFideId "4641833"]
[EventDate "2015.05.19"]

1. d4 d6 2. c4 g6 3. Nc3 Bg7 4. e4 Nd7 5. Be3 c5 6. d5 a6 7. Qd2 Qa5 8. h4 Ngf6
9. f3 h5 10. Nh3 Ne5 11. Bf4 Nfd7 12. Rc1 Rb8 13. b3 b5 14. cxb5 axb5 15. Be2 c4
16. O-O cxb3 17. Nxb5 Qxd2 18. Bxd2 Nc5 19. axb3 Bxh3 20. gxh3 Ned3 21. Bxd3
Nxd3 22. Nc7+ Kd7 23. Na6 Nxc1 24. Nxb8+ Rxb8 25. Rxc1 Rxb3 26. Kf2 Rb2 27. Rd1
Bc3 28. Ke3 Bf6 29. Kd3 Rb3+ 30. Ke2 Bxh4 31. Ra1 Rb8 32. Bc3 Bg3 33. Ra7+ Ke8
34. Ra4 Bf4 35. Kd3 f6 36. Rb4 Ra8 37. Rb2 Kf7 38. Rc2 Ra3 39. Kc4 Be5 40. Kb4
Ra7 41. Bd2 Rb7+ 42. Kc4 g5 43. Kd3 Rb1 44. Rc1 Rb3+ 45. Ke2 Rb2 46. Kd1 Rxd2+
47. Kxd2 Bf4+ 48. Kc2 Bxc1 49. Kxc1 f5 50. Kd2 fxe4 51. fxe4 Kf6 0-1

[Event "16th ch-EUR Indiv w 2015"]
[Site "Chakvi GEO"]
[Date "2015.05.21"]
[Round "3.34"]
[White "Folkova, Martina"]
[Black "Ushenina, Anna"]
[Result "0-1"]
[WhiteTitle "WFM"]
[BlackTitle "GM"]
[WhiteElo "2134"]
[BlackElo "2467"]
[WhiteFideId "304271"]
[BlackFideId "14110911"]
[EventDate "2015.05.19"]

1. e4 c5 2. Nf3 a6 3. c3 d6 4. d4 Qc7 5. h3 g6 6. Be3 Nd7 7. a4 Ngf6 8. Nbd2 Bg7
9. a5 O-O 10. Bd3 b5 11. axb6 Qxb6 12. Nc4 Qc7 13. Na5 Rb8 14. Qe2 Bb7 15. Nxb7
Qxb7 16. Bc1 cxd4 17. cxd4 Ne8 18. O-O Nc7 19. Bxa6 Nxa6 20. Rxa6 Rfc8 21. Ra3
d5 22. exd5 Qxd5 23. Rc3 e6 24. Bf4 Ra8 25. Rfc1 Rd8 26. Bg5 Re8 27. Be3 h6 28.
b4 Rab8 29. Qc4 Nb6 30. Qa6 Qd8 31. Rc6 Nd5 32. Bd2 Nxb4 33. Bxb4 Rxb4 34. Rc8
Rb1 35. Rxb1 Qxc8 36. Qxc8 Rxc8 37. Kf1 g5 38. Rb2 Kh7 39. Ke2 Kg6 40. Rb7 Rd8
41. Ke3 Rd5 42. Rc7 h5 43. Rc4 Bf6 44. Nd2 Ra5 45. Ne4 Bg7 46. Rc5 Ra3+ 47. Rc3
Ra1 48. Rc2 Re1+ 49. Kd3 Ra1 50. f3 Ra4 51. Rc4 Ra2 52. Nd2 Ra1 53. Rc2 Rd1 54.
Kc4 Bh6 55. Ne4 Bg7 56. Rd2 Rc1+ 57. Kd3 Bh6 58. Rc2 Rd1+ 59. Kc4 Bg7 60. Rd2
Rc1+ 61. Kd3 Rc6 62. Nc3 Kf5 63. Ne2 h4 64. Ke3 Rd6 65. Nc3 Rb6 66. Ne4 Bh6 67.
Kf2 Kg6 68. Ke2 g4 69. Rc2 gxh3 70. gxh3 Rb4 71. Kd3 Rb3+ 72. Nc3 Kf5 73. Kc4
Rb8 74. Ne2 Rb1 75. d5 exd5+ 76. Kxd5 Rh1 77. Nd4+ Kf4 78. Rc7 f6 79. Rf7 Kg5
80. Ne6+ Kg6 81. Ra7 Rxh3 82. Ra3 Rh1 83. f4 Rd1+ 84. Ke4 Re1+ 85. Re3 Rf1 86.
Rh3 Re1+ 87. Re3 Ra1 88. Kf3 Kh5 89. Re2 h3 90. Kg3 Ra3+ 91. Kh2 Kg4 92. Rf2 f5
93. Ng5 Bxg5 94. fxg5 Kxg5 95. Rb2 Kg4 96. Rb8 Ra2+ 97. Kg1 f4 98. Rg8+ Kf3 99.
Rh8 Rg2+ 100. Kh1 Rg3 101. Kh2 Kf2 102. Rf8 f3 103. Rf7 Rg8 104. Ra7 Re8 105.
Rf7 Ke2 106. Kxh3 f2 0-1

[Event "16th ch-EUR Indiv w 2015"]
[Site "Chakvi GEO"]
[Date "2015.05.21"]
[Round "3.35"]
[White "Szczepkowska-Horowska, Karina"]
[Black "Balajayeva, Khanim"]
[Result "1-0"]
[WhiteTitle "WGM"]
[BlackTitle "WCM"]
[WhiteElo "2412"]
[BlackElo "2130"]
[WhiteFideId "1122681"]
[BlackFideId "13406396"]
[EventDate "2015.05.19"]

1. e4 e5 2. Nf3 Nc6 3. Bc4 Nf6 4. d3 h6 5. c3 d6 6. Nbd2 g6 7. b4 Bg7 8. Bb3 O-O
9. O-O Qe7 10. Re1 Bd7 11. Nf1 Rae8 12. a4 Nh5 13. b5 Nd8 14. Ne3 c6 15. Ba3 Be6
16. d4 c5 17. dxc5 dxc5 18. Ra2 b6 19. Rd2 Nb7 20. g3 Rd8 21. Bd5 Bxd5 22. Nxd5
Qe6 23. c4 Nf6 24. Bb2 Ne8 25. Qe2 Ned6 26. Bc3 Nc8 27. Ra2 g5 28. a5 Nxa5 29.
Bxa5 bxa5 30. Rxa5 f5 31. exf5 Qxf5 32. Nd2 Rf7 33. Ne3 Qg6 34. Ra6 Qh7 35. Nb3
Rdf8 36. Rf1 h5 37. Nxc5 Bf6 38. Nd5 Qf5 39. Ne4 Bg7 40. Rc6 h4 41. g4 Qf3 42.
Qxf3 Rxf3 43. Rxc8 1-0

[Event "16th ch-EUR Indiv w 2015"]
[Site "Chakvi GEO"]
[Date "2015.05.21"]
[Round "3.36"]
[White "Ivanova, Tatiana"]
[Black "Abdulla, Khayala"]
[Result "0-1"]
[BlackTitle "WIM"]
[WhiteElo "2121"]
[BlackElo "2266"]
[WhiteFideId "4109724"]
[BlackFideId "13401807"]
[EventDate "2015.05.19"]

1. d4 Nf6 2. Nf3 e6 3. Bg5 d5 4. e3 c5 5. c3 Nc6 6. Bd3 Bd6 7. O-O O-O 8. Nbd2
h6 9. Bh4 b6 10. e4 cxd4 11. Bb5 Ne5 12. cxd4 Nxf3+ 13. Qxf3 Be7 14. Bc6 dxe4
15. Nxe4 Nxe4 16. Bxe7 Qxe7 17. Bxe4 Rb8 18. Rfe1 Qb4 19. Qf4 Bb7 20. b3 Bxe4
21. Rxe4 Rbd8 22. Rc1 Rd5 23. g3 Qa3 24. Rc2 Rfd8 25. Qe3 Qd6 26. Rc4 b5 27. Rc5
a6 28. Rxd5 Qxd5 29. f3 Qc6 30. Qd2 Rd5 31. Kg2 Qd6 32. Qc3 f5 33. Qc8+ Kf7 34.
Qb7+ Kf6 35. Re2 Rxd4 36. Qc8 Rd3 37. h4 e5 38. h5 e4 39. f4 Qe6 40. Qc5 Kf7 41.
Rc2 e3 42. Qa7+ Rd7 43. Rc7 Qe4+ 44. Kg1 Rxc7 45. Qxc7+ Ke6 46. Qxg7 e2 47. Qg8+
Kd6 48. Qf8+ Kd5 49. Qd8+ Kc5 0-1

[Event "16th ch-EUR Indiv w 2015"]
[Site "Chakvi GEO"]
[Date "2015.05.21"]
[Round "3.37"]
[White "Vakhania, Alexandra"]
[Black "Kazimova, Narmin"]
[Result "1/2-1/2"]
[BlackTitle "WGM"]
[WhiteElo "2130"]
[BlackElo "2259"]
[WhiteFideId "13602560"]
[BlackFideId "13402951"]
[EventDate "2015.05.19"]

1. Nf3 Nf6 2. g3 d5 3. d4 e6 4. Bg2 Bd6 5. O-O O-O 6. c4 b6 7. cxd5 exd5 8. Nc3
c6 9. Bg5 Be6 10. e4 dxe4 11. Nxe4 Be7 12. Bxf6 Bxf6 13. Nxf6+ Qxf6 14. Ne5 Rd8
15. Qa4 Bd5 16. Bxd5 Rxd5 17. Rac1 b5 18. Qa5 Qd6 19. Rfe1 f6 20. Nf3 Kf7 21. a4
bxa4 22. Rc5 Nd7 23. Rxd5 cxd5 24. Rc1 a6 25. Rc7 Rb8 26. Ra7 Qc6 27. Rxa6 Qc4
28. Rd6 Ke7 29. Rxd5 Rc8 30. Rb5 Qe2 31. Qb4+ Kf7 1/2-1/2

[Event "16th ch-EUR Indiv w 2015"]
[Site "Chakvi GEO"]
[Date "2015.05.21"]
[Round "3.38"]
[White "Mammadova, Narmin"]
[Black "Korenova, Martina"]
[Result "1/2-1/2"]
[WhiteTitle "WCM"]
[BlackTitle "WIM"]
[WhiteElo "2117"]
[BlackElo "2241"]
[WhiteFideId "13403710"]
[BlackFideId "302805"]
[EventDate "2015.05.19"]

1. e4 e5 2. Nf3 Nc6 3. Nc3 Nf6 4. h3 Bb4 5. Bd3 d6 6. O-O Be6 7. a3 Bc5 8. b4
Bb6 9. Bb2 h6 10. Na4 Ne7 11. Nxb6 axb6 12. Re1 g5 13. Bf1 g4 14. hxg4 Nxg4 15.
d4 f6 16. Nh4 h5 17. f3 Nh6 18. Qd2 Qd7 19. dxe5 fxe5 20. a4 Rh7 21. a5 b5 22.
Qc3 c6 23. Rad1 Nc8 24. Qe3 Qe7 25. Qf2 Rg7 26. Nf5 Bxf5 27. exf5 Nxf5 28. f4
Qh4 29. fxe5 Qxf2+ 30. Kxf2 d5 31. e6 Rg4 32. Be2 Rf4+ 33. Kg1 Ng3 34. Bd3 Ke7
35. Be5 Rg4 36. Re3 h4 1/2-1/2

[Event "16th ch-EUR Indiv w 2015"]
[Site "Chakvi GEO"]
[Date "2015.05.21"]
[Round "3.39"]
[White "Mamedjarova, Zeinab"]
[Black "Bokuchava, Madona"]
[Result "1-0"]
[WhiteTitle "WGM"]
[BlackTitle "WFM"]
[WhiteElo "2235"]
[BlackElo "2063"]
[WhiteFideId "13401521"]
[BlackFideId "13603663"]
[EventDate "2015.05.19"]

1. d4 f5 2. c4 Nf6 3. g3 e6 4. Bg2 c6 5. Nf3 d5 6. O-O Bd6 7. Qc2 O-O 8. Bf4
Bxf4 9. gxf4 a5 10. e3 Na6 11. c5 b6 12. cxb6 Qxb6 13. Nc3 Nb4 14. Qd2 Ne4 15.
Nxe4 fxe4 16. Ne5 Nd3 17. Nxd3 exd3 18. Rfc1 Ba6 19. Bf1 Rf6 20. Bxd3 Bxd3 21.
Qxd3 Rg6+ 22. Kh1 Qxb2 23. Qc2 Qb4 24. Qxc6 Rf8 25. Rg1 Qb2 26. Rxg6 Qxa1+ 27.
Rg1 Qxa2 28. Qxe6+ Kh8 29. Kg2 Qc4 30. f5 h6 31. Qe5 Rf6 32. Rb1 Qe2 33. Qxd5
Qg4+ 34. Kh1 Rxf5 35. Qg2 Qh4 36. f4 Qe7 37. Qf3 Kh7 38. e4 Rf8 39. e5 a4 40.
Qe4+ Kg8 41. f5 a3 42. Ra1 Kh8 43. Qf3 Qh4 44. Rxa3 Qxd4 45. e6 Qb4 46. Re3 Qe7
47. Qe4 Rc8 48. Re1 Rd8 49. h3 Qa3 50. Qg2 Qe7 51. Qe4 Qa3 52. Kg2 Qe7 53. Re2
Qg5+ 54. Qg4 Rd2 55. Qxg5 Rxe2+ 56. Kf3 1-0

[Event "16th ch-EUR Indiv w 2015"]
[Site "Chakvi GEO"]
[Date "2015.05.21"]
[Round "3.40"]
[White "Khomeriki, Nino"]
[Black "Soyunlu, Narmin"]
[Result "1-0"]
[WhiteTitle "WFM"]
[WhiteElo "2228"]
[BlackElo "1891"]
[WhiteFideId "13603191"]
[BlackFideId "13400843"]
[EventDate "2015.05.19"]

1. d4 e6 2. Nf3 Nf6 3. e3 b6 4. Bd3 Bb7 5. O-O c5 6. b3 cxd4 7. exd4 Nc6 8. Bb2
Be7 9. c4 d5 10. Nbd2 O-O 11. Rc1 Rc8 12. Qe2 Re8 13. Rfd1 Bf8 14. Ne5 g6 15.
Qe3 Bg7 16. Ndf3 dxc4 17. bxc4 Qc7 18. Bb1 Nd7 19. Ng4 Nf6 20. Nh6+ Kh8 21. d5
exd5 22. Qg5 d4 23. Nxd4 Nxd4 24. Bxd4 Qe7 25. h4 Nh5 26. Bxg7+ Nxg7 27. Rd6 Rc7
28. Rf6 Qf8 29. g4 Ree7 30. Rd1 Qe8 31. Nxf7+ Kg8 32. Nh6+ Kh8 33. Qf4 Ne6 34.
Qe5 Ng7 35. Qc3 Rxc4 36. Qxc4 Re1+ 37. Rxe1 Qxe1+ 38. Qf1 Qb4 39. a3 Qc5 40. Qc4 1-0

[Event "16th ch-EUR Indiv w 2015"]
[Site "Chakvi GEO"]
[Date "2015.05.21"]
[Round "3.41"]
[White "Khmiadashvili, Tamar"]
[Black "Kiolbasa, Oliwia"]
[Result "0-1"]
[WhiteTitle "WGM"]
[BlackTitle "WFM"]
[WhiteElo "2043"]
[BlackElo "2223"]
[WhiteFideId "13600346"]
[BlackFideId "1154613"]
[EventDate "2015.05.19"]

1. c4 c5 2. Nc3 Nc6 3. g3 g6 4. Bg2 Bg7 5. d3 d6 6. e3 e5 7. Nge2 Nge7 8. O-O
O-O 9. h3 Be6 10. Nd5 Rb8 11. Kh2 b5 12. Nec3 a6 13. e4 f5 14. Nxe7+ Nxe7 15.
exf5 Nxf5 16. Nd5 Qd7 17. Rb1 Nd4 18. g4 Rf7 19. Be4 Rbf8 20. Be3 Nf3+ 21. Kg3
Bxg4 22. hxg4 h5 23. Bf5 gxf5 24. gxh5 f4+ 25. Bxf4 Rxf4 26. Nxf4 Rxf4 27. Qxf3
Rxf3+ 28. Kxf3 Qf5+ 29. Ke2 e4 0-1

[Event "16th ch-EUR Indiv w 2015"]
[Site "Chakvi GEO"]
[Date "2015.05.21"]
[Round "3.42"]
[White "Jalaghonia, Nino"]
[Black "Kuchava, Ana"]
[Result "1-0"]
[WhiteTitle "WFM"]
[WhiteElo "1865"]
[BlackElo "2135"]
[WhiteFideId "13605895"]
[BlackFideId "13605348"]
[EventDate "2015.05.19"]

1. e4 c5 2. Nf3 d6 3. c3 Nf6 4. Be2 g6 5. O-O Bg7 6. Bb5+ Nfd7 7. d4 cxd4 8.
cxd4 O-O 9. Nc3 a6 10. Ba4 Nb6 11. Bb3 Bg4 12. Be3 Nc6 13. h3 Bxf3 14. gxf3 Na5
15. Bc2 Nac4 16. Bc1 Rc8 17. b3 Na5 18. Bb2 Nc6 19. Ne2 d5 20. e5 f6 21. f4 fxe5
22. fxe5 e6 23. Ng3 Qh4 24. Kg2 Rf7 25. a3 Rcf8 26. Qd3 Rf3 27. Qd1 R3f4 28. Bc1
Rxd4 29. Qe2 Rdf4 30. Bxf4 Qxf4 31. Qg4 Qxg4 32. hxg4 Nxe5 33. Rae1 Nxg4 34.
Rxe6 Bd4 35. Bxg6 Bxf2 36. Bf5 Ne3+ 37. Kxf2 Nxf5 38. Nxf5 Rxf5+ 39. Ke2 Rxf1
40. Kxf1 Nd7 41. Rd6 Nf8 42. Rxd5 Kf7 43. Rh5 Kg7 44. Rc5 1-0

[Event "16th ch-EUR Indiv w 2015"]
[Site "Chakvi GEO"]
[Date "2015.05.21"]
[Round "3.43"]
[White "Unuk, Laura"]
[Black "Ghukasyan, Siranush"]
[Result "0-1"]
[WhiteTitle "WIM"]
[WhiteElo "2213"]
[BlackElo "2100"]
[WhiteFideId "14609215"]
[BlackFideId "13300946"]
[EventDate "2015.05.19"]

1. d4 d5 2. c4 e6 3. Nf3 c6 4. e3 Nf6 5. Nbd2 Nbd7 6. b3 Bd6 7. Bb2 O-O 8. Bd3
b6 9. O-O Bb7 10. Qe2 Qe7 11. Rad1 e5 12. cxd5 e4 13. Nxe4 Nxe4 14. Bxe4 Qxe4
15. dxc6 Bxc6 16. d5 Bb7 17. Ng5 Qg6 18. f4 h6 19. Nf3 f5 20. Nd4 Nf6 21. Rf3
Ne4 22. Nc6 Bxc6 23. dxc6 Rac8 24. Qb5 Qe8 25. Rc1 Rc7 26. b4 Qe6 27. Qa4 Rd8
28. Bd4 Be7 29. Be5 Bd6 30. Bd4 Be7 31. Be5 Rcc8 32. c7 Rd2 33. Qa6 Rxa2 34. Qb7
Bxb4 35. Rd1 Bd2 36. h3 Kh7 37. g4 Nc5 38. Qb8 Qd7 39. Bd6 Qxd6 40. Qxc8 Bxe3+ 0-1